The many faces of political Islam : religion and politics in the muslim world

Bibliographic Details
Main Author: Ayob, Mohammed
Format: Book
Published: Singapore : NUS Press Publishers , 2008
Subjects:

MARC

LEADER 00000cam a2200000 7i4500
001 0000028820
005 20100111.0
008 100111
020 |a 9971694203 
090 0 0 |a 320.557   |b AYO 
100 1 |a Ayob, Mohammed 
245 1 0 |a The many faces of political Islam :   |b religion and politics in the muslim world   |c edited by J.J Suh   |f Peter J. Katzenstein   |f Allen Carlson 
260 |a Singapore :   |b NUS Press Publishers ,   |c 2008 
650 0 |a Islam and politics 
650 0 |a Islam and politics   |x Islamic countries 
650 0 |a Islam conutries   |x politics and government 
650 0 |a Islam   |x 21st century 
999 |a 0001055598   |b Book   |c Adult Collection   |e Perbadanan Perpustakaan Awam Johor 
999 |a 0001055599   |b Book   |c Adult Collection   |e Perbadanan Perpustakaan Awam Johor